Land vs. Land #131 - Statistiken

Allgemein
  • Dieses Quiz wurde 18 mal gespielt
  • Das Durchschnittsergebnis liegt bei 14 aus 14
Antwortstatistiken
Frage Antwort % Korrekt
...Fläche? Norwegen🇳🇴
100%
...Einwohner? Norwegen🇳🇴
100%
...Bruttoinlandsprodukt? Norwegen🇳🇴
100%
...Bruttoinlandsprodukt pro Kopf? Norwegen🇳🇴
100%
...Tourismus? Norwegen🇳🇴
100%
...HDI (Human Development Index)? Norwegen🇳🇴
100%
...Happy Planet Index? Norwegen🇳🇴
100%
...Gesundheitswesen? Norwegen🇳🇴
100%
...Lebenserwartung? Norwegen🇳🇴
100%
...durchschnittlicher IQ? Norwegen🇳🇴
100%
...Gewinner? Norwegen🇳🇴
100%
...Militär? Norwegen🇳🇴
94%
...Exportmengen? Norwegen🇳🇴
94%
...Frieden? Norwegen🇳🇴
75%
Keine übereinstimmenden Quizze gefunden
Verteilung der Resultate
Anzahl Personen mit jedem Resultat
Perzentil nach korrekt beantworteten Fragen
Ihre Resultats-Entwicklung
Sie haben dieses Quiz noch nicht gespielt